women's power in agricultural management at kampong svay district, kampong thom province (សិទ្ធិអំណាចរបស់ស្រ្តីក្នុងការគ្រប់គ្រងកសិកម្មនៅស្រុកោកំពង់ស្វាយ ខេត្តកំពង់ធំ) (Record no. 4256)

000 -LEADER
fixed length control field 00684nam a22001577a 4500
003 - CONTROL NUMBER IDENTIFIER
control field OSt
005 - DATE AND TIME OF LATEST TRANSACTION
control field 20151209094319.0
008 - FIXED-LENGTH DATA ELEMENTS--GENERAL INFORMATION
fixed length control field 151209b xxu||||| |||| 00| 0 eng d
040 ## - CATALOGING SOURCE
Transcribing agency RUA
082 ## - DEWEY DECIMAL CLASSIFICATION NUMBER
Classification number ATM CHH 2005 B193 Or.1
100 ## - MAIN ENTRY--PERSONAL NAME
9 (RLIN) 4567
Personal name CHHUON, SOKLANG.
245 ## - TITLE STATEMENT
Title women's power in agricultural management at kampong svay district, kampong thom province (សិទ្ធិអំណាចរបស់ស្រ្តីក្នុងការគ្រប់គ្រងកសិកម្មនៅស្រុកោកំពង់ស្វាយ ខេត្តកំពង់ធំ)
260 ## - PUBLICATION, DISTRIBUTION, ETC. (IMPRINT)
Place of publication, distribution, etc. Phnom Penh
Name of publisher, distributor, etc. RUA
Date of publication, distribution, etc. 2005
300 ## - PHYSICAL DESCRIPTION
Extent xv, 50p.
Other physical details ill.
Dimensions 29cm.
942 ## - ADDED ENTRY ELEMENTS (KOHA)
Source of classification or shelving scheme
Koha item type ATM
Holdings
Price effective from Date last seen Permanent Location Not for loan Date acquired Source of classification or shelving scheme Koha item type Lost status Withdrawn status Date last checked out Total Checkouts Shelving location Damaged status Barcode Current Location Full call number
2015-12-092015-12-09Library Block B 2015-12-09 ATM    B193 RUA038556Library Block BATM CHH 2005 B193 Or.1
2015-12-092023-07-03Library Block B 2015-12-09 ATM  2023-05-294B193 RUA038285Library Block BATM CHH 2005 B193 Or.2
2015-12-092015-12-09Library Block B 2015-12-09 ATM    B193 RUA039029Library Block BATM CHH 2005 B193 Or.3
2015-12-092015-12-09Library Block B 2015-12-09 ATM    B193 RUA039013Library Block BATM CHH 2005 B193 Or.4
មជ្ឈមណ្ឌលឯការនៃសាកលវិទ្យាល័យភូមិន្ទកសិកម្មចំការដូង

Powered by Koha